Ташкент (Запись № 13537884)
[ простой вид ]
| 000 -МАРКЕР | |
|---|---|
| контрольное поле | 03386nkm0a2200553 4500 |
| 001 - ИДЕНТИФИКАТОР ЗАПИСИ | |
| контрольное поле | RU\NLR\BIBL_A\012209462 |
| 005 - ИДЕНТИФИКАТОР ВЕРСИИ | |
| контрольное поле | 20260409073021.0 |
| 035 ## - ДРУГИЕ СИСТЕМНЫЕ НОМЕРА | |
| Идентификатор записи | (NLR Aleph) 012209462 |
| 071 50 - ИЗДАТЕЛЬСКИЙ НОМЕР | |
| Цена | 5 коп. |
| -- | 5000 |
| 100 ## - ДАННЫЕ ОБЩЕЙ ОБРАБОТКИ | |
| Данные общей обработки | 20200206d1930 u y0rusy50 ca |
| 101 0# - ЯЗЫК РЕСУРСА | |
| Язык текста, звукозаписи и т.д. | русский |
| 102 ## - СТРАНА ПУБЛИКАЦИИ ИЛИ ПРОИЗВОДСТВА | |
| Страна публикации | Российская Федерация |
| 116 ## - ПОЛЕ КОДИРОВАННЫХ ДАННЫХ: ИЗОБРАЗИТЕЛЬНЫЕ МАТЕРИАЛЫ | |
| Кодированные данные для изобразительных материалов. | diybxx zz ae |
| 135 ## - ПОЛЕ КОДИРОВАННЫХ ДАННЫХ: ЭЛЕКТРОННЫЕ РЕСУРСЫ | |
| Кодированные данные для электронного ресурса | crcn 024anaba |
| 200 1# - ЗАГЛАВИЕ И СВЕДЕНИЯ ОБ ОТВЕТСТВЕННОСТИ | |
| Основное заглавие | Ташкент |
| Обозначение и номер части | № 72 |
| Наименование части | Вокзал |
| Общее обозначение материала | Изоматериал |
| Сведения, относящиеся к заглавию | почтовая карточка |
| Первые сведения об ответственности | фотогр. И.Н. Панова |
| 210 ## - ПУБЛИКАЦИЯ, РАСПРОСТРАНЕНИЕ И ДР. | |
| Место издания, распространения и т.д. | [Москва] |
| Имя издателя, распространителя и т. д. | ГИЗ |
| Дата издания, распространения и т.д. | [1930?] |
| Место изготовления | Москва |
| Имя изготовителя | Тип. "Изв. ЦИК СССР и ВЦИК" |
| 215 ## - ФИЗИЧЕСКАЯ ХАРАКТЕРИСТИКА | |
| Специфическое обозначение материала и объем | 1 л. |
| Другие сведения о физической характеристике | ракел. глуб. печ. |
| Размеры | 10,5х14,7 |
| 300 ## - ОБЩИЕ ПРИМЕЧАНИЯ | |
| Текст примечания | На адрес. стороне изд. марка - источник сведений о наименовании издателя |
| 300 ## - ОБЩИЕ ПРИМЕЧАНИЯ | |
| Текст примечания | Ценз. разрешение: Главл. А-66140 |
| 300 ## - ОБЩИЕ ПРИМЕЧАНИЯ | |
| Текст примечания | В вып. дан.: ХРО-Гиз № 222 |
| 325 ## - ПРИМЕЧАНИЕ О КОПИИ | |
| Текст примечания | Копия доступна в Электрон. б-ке РНБ |
| 540 1# - ДОПОЛНИТЕЛЬНОЕ ЗАГЛАВИЕ, ПРИМЕНЯЕМОЕ КАТАЛОГИЗАТОРОМ | |
| Заглавие | Вокзал Среднеазиатской железной дороги, Ташкент |
| 606 1# - НАИМЕНОВАНИЕ ТЕМЫ КАК ПРЕДМЕТ | |
| Наименование темы | Почтовые открытки маркированные художественные |
| Географический подзаголовок | СССР |
| Хронологический подзаголовок | 1917 - 1941 |
| Системный номер авторитетной/нормативной записи | 2195712 |
| Идентификатор авторитетной/нормативной записи | RU\NLR\AUTH\6601555037 |
| 606 1# - НАИМЕНОВАНИЕ ТЕМЫ КАК ПРЕДМЕТ | |
| Наименование темы | Фотографические открытки |
| Системный номер авторитетной/нормативной записи | 2151039 |
| Идентификатор авторитетной/нормативной записи | RU\NLR\AUTH\661600135 |
| 606 ## - НАИМЕНОВАНИЕ ТЕМЫ КАК ПРЕДМЕТ | |
| Наименование темы | Вокзалы (ж.-д.) |
| Формальный подзаголовок | Открытки |
| Идентификатор авторитетной/нормативной записи | RU\NLR\AUTH\661250786 |
| Системный номер авторитетной/нормативной записи | 2075702 |
| 607 ## - ГЕОГРАФИЧЕСКОЕ НАИМЕНОВАНИЕ КАК ПРЕДМЕТ | |
| Географическое наименование | Ташкент, город (Узбекистан) |
| Формальный подзаголовок | Открытки |
| Системный номер авторитетной/нормативной записи | 1144611 |
| Идентификатор авторитетной/нормативной записи | RU\NLR\AUTH\66137638 |
| 610 1# - НЕКОНТРОЛИРУЕМЫЕ ПРЕДМЕТНЫЕ ТЕРМИНЫ | |
| Предметный термин | Видовые открытки |
| 617 ## - ИЕРАРХИЧЕСКОЕ ГЕОГРАФИЧЕСКОЕ НАЗВАНИЕ, ИСПОЛЬЗУЕМОЕ КАК ПРЕДМЕТ | |
| Страна | |
| Республика / штат / провинция и т.п. | УзССР |
| Город | Ташкент, город |
| Место действия | Железнодорожный вокзал |
| 686 0# - ИНДЕКСЫ ДРУГИХ КЛАССИФИКАЦИЙ | |
| Индекс | Щ153(2)7-489 |
| 702 #1 - ИМЯ ЛИЦА - ВТОРИЧНАЯ ОТВЕТСТВЕННОСТЬ | |
| Начальный элемент ввода | Панов |
| Часть имени, кроме начального элемента ввода | И. Н. |
| Расширение инициалов личного имени | Иван Николаевич |
| Код отношения | Фотограф |
| 711 02 - НАИМЕНОВАНИЕ ОРГАНИЗАЦИИ - АЛЬТЕРНАТИВНАЯ ОТВЕТСТВЕННОСТЬ | |
| Начальный элемент ввода | Ташкентский вокзал |
| Системный номер авторитетной/нормативной записи | 750350 |
| Идентификатор авторитетной/нормативной записи | RU\NLR\AUTH\880542994 |
| 712 02 - НАИМЕНОВАНИЕ ОРГАНИЗАЦИИ - ВТОРИЧНАЯ ОТВЕТСТВЕННОСТЬ | |
| Код отношения | Издатель |
| Начальный элемент ввода | Государственное издательство РСФСР |
| Идентификатор авторитетной/нормативной записи | RU\NLR\AUTH\8810050489 |
| Системный номер авторитетной/нормативной записи | 601118 |
| 712 02 - НАИМЕНОВАНИЕ ОРГАНИЗАЦИИ - ВТОРИЧНАЯ ОТВЕТСТВЕННОСТЬ | |
| Код отношения | Печатник (типограф) |
| Начальный элемент ввода | "Известия ЦИК СССР и ВЦИК", издательство |
| Идентифицирующий признак | Москва |
| Структурное подразделение | Типография |
| Идентификатор авторитетной/нормативной записи | RU\NLR\AUTH\880460424 |
| Системный номер авторитетной/нормативной записи | 583539 |
| 830 ## - ОБЩЕЕ ПРИМЕЧАНИЕ, СОСТАВЛЕННОЕ КАТАЛОГИЗАТОРОМ | |
| Текст примечания | И.Н. Панов: https://mytashkent.uz/2017/03/22/ivan-panov/ (06.02.2020). А.Я. ОЭст |
| 830 ## - ОБЩЕЕ ПРИМЕЧАНИЕ, СОСТАВЛЕННОЕ КАТАЛОГИЗАТОРОМ | |
| Текст примечания | Среднеазиатская железная дорога: http://railway.uz/ru/gazhk/istoriya_zheleznykh_dorog/ (06.02.2020). А.Я. ОЭст |
| 830 ## - ОБЩЕЕ ПРИМЕЧАНИЕ, СОСТАВЛЕННОЕ КАТАЛОГИЗАТОРОМ | |
| Текст примечания | Открытка датирована по экз. РНБ на шифре Э ОТ63/Т253, инв.185264: на адресной стороне штамп, содержащий год поступления в РНБ: "Г.П.Б-ка обяз. экз. Лнгр. 1930 г. Акт №". А.Я. ОЭст |
| 852 00 - МЕСТОНАХОЖДЕНИЕ И ШИФР ХРАНЕНИЯ | |
| Идентификатор организации | NLR |
| Наименование фонда или коллекции (Sub-Location Identifier) | Э |
| Шифр хранения (Call Number) | ОТ63/Т253 |
| Идентификатор единицы | инв.185264 |
| 856 #0 - МЕСТОНАХОЖДЕНИЕ ЭЛЕКТРОННЫХ РЕСУРОВ И ДОСТУП К НИМ | |
| Универсальный идентификатор ресурса (Uniform Resource Identifier) | https://vivaldi.nlr.ru/lo000072213/view |
| 856 #1 - МЕСТОНАХОЖДЕНИЕ ЭЛЕКТРОННЫХ РЕСУРОВ И ДОСТУП К НИМ | |
| Универсальный идентификатор ресурса (Uniform Resource Identifier) | https://vivaldi.nlr.ru/lo000072213/cover |
| 856 #2 - МЕСТОНАХОЖДЕНИЕ ЭЛЕКТРОННЫХ РЕСУРОВ И ДОСТУП К НИМ | |
| Универсальный идентификатор ресурса (Uniform Resource Identifier) | https://vivaldi.nlr.ru/lo000072213/text |
| 942 ## - ДОПОЛНИТЕЛЬНЫЕ ЭЛЕМЕНТЫ ЗАПИСИ (АБИС) | |
| Тип экземпляра АБИС | Визуальный материал |
| 980 ## - КОЛЛЕКЦИЯ | |
| Название коллекции | Национальная библиография |
| 981 17 - КОЛЛЕКЦИЯ ЭЛЕКТРОННОЙ БИБЛИОТЕКИ | |
| Название коллекции | Изографические материалы |
| Название подколлекции | Открытки |
Нет доступных экземпляров.